ADVANCED ENGINEERING MATHEMATICS / (Record no. 587253)
[ view plain ]
| 000 -LEADER | |
|---|---|
| fixed length control field | 00295nam a22001097a 4500 |
| 040 ## - CATALOGING SOURCE | |
| Transcribing agency | FIZZA ISHAQ |
| 082 ## - DEWEY DECIMAL CLASSIFICATION NUMBER | |
| Classification number | 510.2462 |
| Author Mark | ERI |
| 100 ## - MAIN ENTRY--PERSONAL NAME | |
| Personal name | GIZSYERK, ERIN. |
| 9 (RLIN) | 86182 |
| 245 ## - TITLE STATEMENT | |
| Title | ADVANCED ENGINEERING MATHEMATICS / |
| Statement of responsibility, etc. | ERIN GIZSYERK. |
| 260 ## - PUBLICATION, DISTRIBUTION, ETC. | |
| Place of publication, distribution, etc. | LONDON : |
| Name of publisher, distributor, etc. | JHON WILEY SON, |
| Date of publication, distribution, etc. | 2011. |
| 942 ## - ADDED ENTRY ELEMENTS (KOHA) | |
| Source of classification or shelving scheme | |
| Koha item type | Book |
| Withdrawn status | Lost status | Source of classification or shelving scheme | Damaged status | Not for loan | Permanent Location | Current Location | Date acquired | Total Checkouts | Full call number | Date last seen | Copy number | Price effective from | Koha item type |
|---|---|---|---|---|---|---|---|---|---|---|---|---|---|
| NUST Baluchistan Campus (NBC) | NUST Baluchistan Campus (NBC) | 12/09/2021 | 510.2462 ERI | 12/09/2021 | Q-2146 | 12/09/2021 | Book |
